000 00292nam a2200121 a 4500
008 100921s1974|||| d
245 1 0 _aZem v plameňoch
100 1 _aEgri, Viktor
260 _bSlovenský spisovateľ
_aBratislava
_c1974
020 _c16,80
044 _axo
_cSK
041 _aslo
999 _c10545
_d10545